000
00232nam a2200097Ia 4500
008
240331s9999 xx 000 0 und d
082
_b
CIV
100
_a
Hann, C. ed
245
0
_a
Civil Society :
_b
challenging western models
942
_c
L
999
_c
2080
_d
2080